| 000 | 00405nam a2200145 i 4500 | ||
|---|---|---|---|
| 001 | bgj | ||
| 100 | 1 | _aDÜRRENMATT, Friedrich. | |
| 245 | 1 | 0 |
_aRomulus der Große : _beine ungeschichtliche historische komödie in vier Akten / _cFriedrich Dürrenmatt. |
| 650 | 9 | _aDramat niemiecki | |
| 040 | _cBPK | ||
| 041 | _ager | ||
| 080 | _a821.112.2-2 | ||
| 942 | _cKS | ||
| 008 | s gw f |000 0 ger | ||
| 999 |
_c49500 _d49500 |
||
| 856 |
_uhttp://koha.tu.koszalin.pl/cgi-bin/koha/opac-detail.pl?biblionumber=49500 _yKatalog online BPK |
||